Normal view
MARC view
Entry Topical Term
001 - CONTROL NUMBER
- control field: 41630
003 - CONTROL NUMBER IDENTIFIER
- control field: ARRUPE
005 - DATE AND TIME OF LATEST TRANSACTION
- control field: 20180425093522.0
008 - FIXED-LENGTH DATA ELEMENTS
- fixed length control field: 180425|| aca||aabn | a|a d
040 ## - CATALOGING SOURCE
- Original cataloging agency: ARRUPE
- Transcribing agency: ARRUPE
150 ## - HEADING--TOPICAL TERM
- Topical term or geographic name as entry element: Jesuits in Mozambique
- General subdivision: History
670 ## - SOURCE DATA FOUND
- Source citation: Work cat.: (ARRUPE): Francisco Augusto da Cruz Correia, S.J. 41629, O Metodo missionario dos jesuitas em Mozambique de 1881 A 1910:, 1990